000 00700nam a2200265Ia 4500
005 20260121165913.0
008 008 260114s9999 xx 000 0 eng d
020 _a9783319218854
037 _aEBOOK
040 _aCRL
040 _beng
040 _cCRL
041 _2eng
041 _aeng
084 _qCRL
100 _aSandra Montón-Subías, María Cruz Berrocal, Apen Ruiz Martínez
_91057455
245 0 _aArchaeologies of Early Modern Spanish Colonialism
260 _bSpringer
260 _bSpringer
260 _c2016
856 _uhttps://link.springer.com/openurl?genre=book&isbn=978-3-319-21885-4
942 _cEBOOK
999 _c1623184
_d1623184